Top 30 : Pharrell Williams - Statistiques

Statistiques générales
  • Ce quiz a été pris 6 fois
  • Le résultat moyen est 10 sur 30
Statistiques - réponses
Top Titres Featuring % Correct
2 Get Lucky Daft Punk, Nile Rodgers
100%
1 Happy
100%
3 Feels Calvin Harris, Katy Perry, Big Sean, Funk Wav
67%
4 Blurred Lines Robin Thicke, T.I.
50%
13 Freedom
50%
7 Lose Yourself to Dance Daft Punk
50%
8 Beautiful Snoop Dogg, Charlie Wilson
33%
14 Cash In Cash Out 21 Savage, Tyler, The Creator
33%
24 Down In Atlanta Travis Scott
33%
5 Drop It Like It's Hot Snoop Dogg
33%
15 Frontin' JAY-Z
33%
18 JUGGERNAUT Tyler, The Creator, Lil Uzi Vert
33%
28 LV Bag Don Toliver, Speedy, j-hope
33%
9 Neon Guts Lil Uzi Vert
33%
22 Aries (YuGo) Part 2 Mike Will Made It, Rae Sremmurd, Big Sean, Quavo
17%
30 blazed Ariana Grande
17%
23 Come Get It Bae
17%
19 Double Life
17%
21 Heatstroke Calvin Harris, Young Thug, Ariana Grande, Funk Wav
17%
12 Hit Different SZA, The Neptunes, Ty Dolla $ign
17%
11 IFHY Tyler, The Creator
17%
16 Just A Cloud Away
17%
17 Lemon N.E.R.D, Rihanna
17%
26 Money Maker Ludacris
17%
10 One (Your Name) Swedish House Mafia
17%
6 Safari J Balvin, BIA, Sky Rompiendo
17%
25 Sangria Wine Camila Cabello
17%
20 Stay With Me Calvin Harris, Justin Timberlake, Halsey
17%
27 Whoa - Remix Snoh Aalegra
17%
29 WTF (Where They From) Missy Elliott
17%
Aucun quiz correspondant
Distribution des résultats
% des personnes avec chaque résultat
Percentile par nombre de réponses
Votre historique - résultats
Vous n’avez pas pris ce quiz